00658nam a2200193Ia 4500100002200000650001800022250000600040942000700046366000700053654000900060245003900069260003500108082000800143300000800151546001200159999001700171952013800188952013800326 aRathore/Mahesh M  aHeat and Mass a3 cBK f10 aheat aEngineering Heat and Mass transfer bUniverstiy science pressc2016 bRAT a651 aENGLISH c24357d24357 001040708CRCaCRCEbCRCEd2023-03-17eReaders Worldg535.50i103 dt 11.10.2021l0o RATp25783r2023-03-17v595.00w0000-00-00yBK 001040708CRCaCRCEbCRCEd2023-03-17eReaders Worldg535.50i103 dt 11.10.2021l0o RATp25784r2023-03-17v595.00w0000-00-00yBK